《饿殍:明末千里行》中的现实地名 - Statistics

General Stats
  • This quiz has been taken 13 times
  • The average score is 7 of 15
Answer Stats
描述 地点 % Correct
1626年良的父亲遭遇天启大爆炸被炸死的城市 北京
85%
良和穗从丽景门进入这个结局发生的关键城市 洛阳
85%
穗在此城市的烟月楼被名妓芸姐收留 长安
77%
“同生”结局末尾他们坐船向该城而去,续作可能围绕此地展开 扬州
77%
在变故中良与穗在澡堂杀了舌头的城市 陕州
62%
1632年,主角良与舌头带着女孩们从此地启程向东 华州
54%
穗从家乡一路向南经过鄜州、白水、蒲城,在此地被收留六个月 渭南
54%
良一行人在这个城池附近遇到了鸢,安置了三个女孩 解州
46%
1637~38年,李自成的部队被困此城附近的山中 商洛
38%
穗的老家在陕北这个镇(现为县城)附近的农村 甘泉
23%
“同生”结局中良与穗在这条河边相遇 洛河
23%
良初次遭穗刺杀的山区,也是良与舌头当年相遇的山区 华山
15%
行至水沟村,附近的官兵驻扎的城池 潼关
15%
一行人修整,初次泡澡的城镇,现为灵宝境内一村落 阌乡
15%
良沿着这条河找到了走向湖中的穗 瀍河
15%
No matching quizzes found
Score Distribution
Percent of People with Each Score
Percentile by Number Answered
Your Score History
You have not taken this quiz